TEXT BOOK OF MEDICINE (Record no. 16924)
[ view plain ]
| 000 -LEADER | |
|---|---|
| fixed length control field | 00365nam a22001697a 4500 |
| 003 - CONTROL NUMBER IDENTIFIER | |
| control field | SGT |
| 020 ## - INTERNATIONAL STANDARD BOOK NUMBER | |
| International Standard Book Number | 978-81-312-4883-6 |
| 082 ## - DEWEY DECIMAL CLASSIFICATION NUMBER | |
| Classification number | 617.5 |
| Item number | M17H |
| 100 ## - MAIN ENTRY--PERSONAL NAME | |
| Personal name | HOSSAIN,A.S.M.T |
| 245 ## - TITLE STATEMENT | |
| Title | TEXT BOOK OF MEDICINE |
| 250 ## - EDITION STATEMENT | |
| Edition statement | 2ND |
| 260 ## - PUBLICATION, DISTRIBUTION, ETC. (IMPRINT) | |
| Place of publication, distribution, etc | NEW DELHI |
| Name of publisher, distributor, etc | AITBS PUB |
| Year of Publication | 2017 |
| 300 ## - PAGE DESCRIPTION | |
| No. of Pages | 717 |
| 650 ## - SUBJECT ADDED ENTRY--TOPICAL TERM | |
| Topical term or geographic name as entry element | AYURVEDA |
| 653 ## - KEYWORDS--INDEX TERM | |
| Keyword term | MEDICINE, |
| 942 ## - ADDED ENTRY ELEMENTS (KOHA) | |
| Source of classification or shelving scheme | Dewey Decimal Classification |
| Koha item type | Books |
| 942 ## - ADDED ENTRY ELEMENTS (KOHA) | |
| -- | 1 |
| Withdrawn status | Lost status | Source of classification or shelving scheme | Damaged status | Not for loan | Collection code | Home library | Current library | Shelving location | Date acquired | Vendor Name | Cost, normal purchase price | SGTU | Bill Number | Total Checkouts | Full call number | Accession No. (Barcode) | Date last seen | Date last borrowed | Bill Date | Koha item type |
|---|---|---|---|---|---|---|---|---|---|---|---|---|---|---|---|---|---|---|---|---|
| Dewey Decimal Classification | AYURVEDA | SGT FA-FP Library | SGT FA-FP Library | Text Book | 18/02/2019 | AHUJA PUB | 495.00 | SGTU | 10644 | 3 | 617.5 M17H | FA10102 | 04/09/2023 | 18/08/2023 | 07/02/2019 | Books | ||||
| Dewey Decimal Classification | AYURVEDA | SGT FA-FP Library | SGT FA-FP Library | Text Book | 18/02/2019 | AHUJA PUB | 495.00 | SGTU | 10644 | 6 | 617.5 M17H | FA10103 | 18/01/2020 | 18/01/2020 | 07/02/2019 | Books | ||||
| Dewey Decimal Classification | AYURVEDA | SGT FA-FP Library | SGT FA-FP Library | Text Book | 18/02/2019 | AHUJA PUB | 495.00 | SGTU | 10644 | 2 | 617.5 M17H | FA10104 | 13/08/2019 | 08/08/2019 | 07/02/2019 | Books | ||||
| Dewey Decimal Classification | AYURVEDA | SGT FA-FP Library | SGT FA-FP Library | Text Book | 18/02/2019 | AHUJA PUB | 495.00 | SGTU | 10644 | 1 | 617.5 M17H | FA10105 | 29/11/2019 | 29/11/2019 | 07/02/2019 | Books | ||||
| Dewey Decimal Classification | AYURVEDA | SGT FA-FP Library | SGT FA-FP Library | Text Book | 18/02/2019 | AHUJA PUB | 495.00 | SGTU | 10644 | 5 | 617.5 M17H | FA10106 | 26/12/2020 | 17/12/2020 | 07/02/2019 | Books | ||||
| Dewey Decimal Classification | AYURVEDA | SGT FA-FP Library | SGT FA-FP Library | Text Book | 18/02/2019 | AHUJA PUB | 495.00 | SGTU | 10644 | 2 | 617.5 M17H | FA10107 | 10/05/2022 | 27/04/2022 | 07/02/2019 | Books | ||||
| Dewey Decimal Classification | AYURVEDA | SGT FA-FP Library | SGT FA-FP Library | Text Book | 18/02/2019 | AHUJA PUB | 495.00 | SGTU | 10644 | 2 | 617.5 M17H | FA10108 | 23/07/2019 | 17/07/2019 | 07/02/2019 | Books | ||||
| Dewey Decimal Classification | AYURVEDA | SGT FA-FP Library | SGT FA-FP Library | Text Book | 18/02/2019 | AHUJA PUB | 495.00 | SGTU | 10644 | 617.5 M17H | FA10109 | 18/02/2019 | 07/02/2019 | Books |